Reprezentacje Które Wygrały Puchar Narodów Afryki - Statystyki

Ogólne statystyki
  • Ten quiz został rozwiązany 320 razy
  • Średni wynik to 11 z 14
Statystyki odpowiedzi
Ilość trofeów Kraj % Poprawnych
7 Egipt
98%
1 RPA
90%
2 Algieria
89%
1 Maroko
89%
5 Kamerun
86%
3 Nigeria
84%
1 Tunezja
80%
4 Ghana
78%
2 Demokratyczna Republika Konga
76%
2 WKS
74%
1 Kongo
64%
1 Etiopia
56%
1 Sudan
53%
1 Zambia
53%
Nie znaleziono quizów pasujących do podanych kryteriów
Rozkład punktacji
Procent ludzi z każdym wynikiem
Percentyl według liczby udzielonych odpowiedzi
Twoja historia wyników
Nie rozwiązałeś tego quizu